Top 15 landen met Covid-19 sterfgevallen - 1 mei 2021 - Statistieken

Algemene statistieken
  • Deze quiz is 10 keer genomen
  • De gemiddelde score is 13 van 24
Antwoordstatistieken
land % Correct
Argentinië
100%
Brazilië
100%
Spanje
90%
Verenigde Staten
90%
Verenigd Koninkrijk
90%
Duitsland
80%
Frankrijk
80%
India
80%
Italië
80%
Mexico
80%
Rusland
80%
België
70%
Colombia
50%
Peru
50%
Polen
50%
Iran
40%
Tsjechië
30%
Slovenië
20%
Bosnië en Herzegovina
10%
Kroatië
10%
Noord-Macedonië
10%
Slowakije
10%
Bulgarije
0%
Hongarije
0%
Geen overeenkomende quizzen gevonden
Scoreverdeling
Procent van Mensen met Elke Score
Percentiel versus Aantal Correcte Antwoorden
Uw Scoregeschiedenis
U heeft deze quiz nog niet genomen